书目信息 |
| 题名: |
一品堂画谱.清.梅兰竹菊本
|
|
| 作者: | 陈履生 编著 | |
| 分册: | ||
| 出版信息: | 南宁 广西美术出版社 1995.5 |
|
| 页数: | 44页 | |
| 开本: | 50cm | |
| 丛书名: | ||
| 单 册: | ||
| 中图分类: | J221.9 | |
| 科图分类: | ||
| 主题词: | 绘画--中国 | |
| 电子资源: | ||
| ISBN: | 7-80582-863-6 | |
| 000 | 00551nam0 2200193 45 | |
| 001 | 0003061591 | |
| 005 | 20040518092111.9 | |
| 010 | @a7-80582-863-6@dCNY9.80 | |
| 100 | @a20000306d1995 km y0chiy0120 ea | |
| 101 | @achi | |
| 105 | @aa z 000yy | |
| 200 | 1 | @a一品堂画谱.清.梅兰竹菊本@AYi Pin Tang Hua Pu.Qing.Mei Lan Zhu Ju Ben@f陈履生编著 |
| 210 | @a南宁@c广西美术出版社@d1995.5 | |
| 215 | @a44页@c图@d50cm | |
| 606 | 0 | @a绘画@y中国 |
| 690 | @aJ221.9@v1 | |
| 701 | @a陈履生@4编著 | |
| 801 | @aCN@bTSTC@c20000306 | |
| 905 | @dJ221.9@e128:2@f1@b285522 | |
| 一品堂画谱.清.梅兰竹菊本/陈履生编著.-南宁:广西美术出版社,1995.5 |
| 44页:图;50cm |
| ISBN 7-80582-863-6:CNY9.80 |
| ● |
| 相关链接 |
|
|
|
|
正题名:一品堂画谱·清·梅兰竹菊本
索取号:J221.9/128:2
 
预约/预借
| 序号 | 登录号 | 条形码 | 馆藏地/架位号 | 状态 | 备注 |
| 1 | 0285521 | 002855217 | 第一样本阅览室/ [索取号:J221.9/128:2] | 在馆 | |
| 2 | 0285522 | 002855226 | 第一样本阅览室/ [索取号:J221.9/128:2] | 在馆 |